Southville International School and Colleges
Your cart is empty.
  • Cart
  • Lists
    Public lists list_1 View all
    Your lists Log in to create your own lists
  • Log in to your account
  • Your cookies
  • Search history
Southville International School and Colleges
  • Advanced search
  • Recent comments
  • Most popular
  • Libraries

Log in to your account

Log in with GOOGLE


If you do not have an external account, but do have a local account, you can still log in:

  1. Home
  2. MARC view: Organising a conference :
Normal view MARC view ISBD view

Organising a conference : (Record no. 356699)

[ view plain ]
MARC details
000 -LEADER
fixed length control field 00582nam a2200217Ia 4500
008 - FIXED-LENGTH DATA ELEMENTS--GENERAL INFORMATION
fixed length control field 180523s9999 xx 000 0 und d
020 ## - INTERNATIONAL STANDARD BOOK NUMBER
International Standard Book Number 81-7992-333-9
050 ## - LIBRARY OF CONGRESS CALL NUMBER
Classification number MAIN GT 3405
050 ## - LIBRARY OF CONGRESS CALL NUMBER
Item number .A67 2007
100 ## - MAIN ENTRY--PERSONAL NAME
Personal name Appleby, Pauline.
245 #0 - TITLE STATEMENT
Title Organising a conference :
245 #0 - TITLE STATEMENT
Remainder of title how to plan and run a successful event /
245 #0 - TITLE STATEMENT
Statement of responsibility, etc Pauline Appleby.
260 ## - PUBLICATION, DISTRIBUTION, ETC. (IMPRINT)
Place of publication, distribution, etc Mumbai :
260 ## - PUBLICATION, DISTRIBUTION, ETC. (IMPRINT)
Name of publisher, distributor, etc Jaico Publishing,
260 ## - PUBLICATION, DISTRIBUTION, ETC. (IMPRINT)
Date of publication, distribution, etc 2007
300 ## - PHYSICAL DESCRIPTION
Extent 190 pages :
300 ## - PHYSICAL DESCRIPTION
Dimensions 17 cm.
500 ## - GENERAL NOTE
General note Includes index.
650 ## - SUBJECT ADDED ENTRY--TOPICAL TERM
Topical term or geographic name as entry element Congresses and conventions -- Management.
Holdings
Withdrawn status Lost status Damaged status Home library Current library Shelving location Date acquired Cost, normal purchase price Total Checkouts Full call number Barcode Date last seen Price effective from Koha item type
      South Mansfield College South Mansfield College   06/16/2009 475.00   MAIN GT 3405 .A67 2007 SMC05195 05/23/2018 05/23/2018  

Organising a conference :

APA

Appleby P., .Organising a conference. Mumbai: .

Chicago

Appleby Pauline, .Organising a conference. Mumbai: .

Harvard

Appleby P., .Organising a conference. Mumbai: .

MLA

Appleby Pauline, .Mumbai: . .

  • Place hold
  • Print
  • Cite
  • Add to your cart (remove)
  • Save record
    BIBTEX Dublin Core MARCXML MARC (non-Unicode/MARC-8) MARC (Unicode/UTF-8) MARC (Unicode/UTF-8, Standard) MODS (XML) RIS
  • More searches
    Search for this title in:
    Other Libraries (WorldCat) Other Databases (Google Scholar) Online Stores (Bookfinder.com) Open Library (openlibrary.org)

Exporting to Dublin Core...

SOUTHVILLE LIBRARY

Southville International School and Colleges Library

1281 Tropical Ave. Cor. Luxembourg St., BF Homes International, Las Pinas City

Tel. No. 8256374 / 252358 Loc. 117/146

Powered by Koha